000 00333nam a22001337a 4500
008 180215b xxu||||| |||| 00| 0 eng d
020 _a621418001
041 _aeng
080 _a333.7
100 _a52
101 _aEKO
245 _aNatural Systems for Development: What Planners Need to Know
_cCarpenter, R.A
942 _2udc
_cBK
999 _c42633
_d42633